<?xml version="1.0" encoding="UTF-8"?>
<record
    xmlns:xsi="http://www.w3.org/2001/XMLSchema-instance"
    xsi:schemaLocation="http://www.loc.gov/MARC21/slim http://www.loc.gov/standards/marcxml/schema/MARC21slim.xsd"
    xmlns="http://www.loc.gov/MARC21/slim">

  <leader>03336nam a22003973i 4500</leader>
  <controlfield tag="001">991027370233807026</controlfield>
  <controlfield tag="003">UkOxU</controlfield>
  <controlfield tag="005">20251022171449.0</controlfield>
  <controlfield tag="006">m     o  d |      </controlfield>
  <controlfield tag="007">cr cnu||||||||</controlfield>
  <controlfield tag="008">240928s2024    xx      o     ||||0 spa d</controlfield>
  <datafield tag="020" ind1=" " ind2=" ">
    <subfield code="a">9788418657641</subfield>
  </datafield>
  <datafield tag="035" ind1=" " ind2=" ">
    <subfield code="a">(MiAaPQ)EBC31690116</subfield>
  </datafield>
  <datafield tag="035" ind1=" " ind2=" ">
    <subfield code="a">(Au-PeEL)EBL31690116</subfield>
  </datafield>
  <datafield tag="035" ind1=" " ind2=" ">
    <subfield code="a">(CKB)36193828600041</subfield>
  </datafield>
  <datafield tag="035" ind1=" " ind2=" ">
    <subfield code="a">(OCoLC)1457640954</subfield>
  </datafield>
  <datafield tag="035" ind1=" " ind2=" ">
    <subfield code="a">(EXLCZ)9936193828600041</subfield>
  </datafield>
  <datafield tag="040" ind1=" " ind2=" ">
    <subfield code="a">MiAaPQ</subfield>
    <subfield code="b">eng</subfield>
    <subfield code="e">rda</subfield>
    <subfield code="e">pn</subfield>
    <subfield code="c">MiAaPQ</subfield>
    <subfield code="d">MiAaPQ</subfield>
  </datafield>
  <datafield tag="041" ind1=" " ind2=" ">
    <subfield code="a">spa</subfield>
  </datafield>
  <datafield tag="050" ind1=" " ind2=" ">
    <subfield code="a">QP376.C37</subfield>
  </datafield>
  <datafield tag="100" ind1=" " ind2=" ">
    <subfield code="a">Castellanos, Nazareth</subfield>
    <subfield code="9">26277</subfield>
    <subfield code="e">author</subfield>
  </datafield>
  <datafield tag="245" ind1="1" ind2="0">
    <subfield code="a">El espejo del cerebro</subfield>
    <subfield code="b">: neurociencia y meditaci&#xF3;n</subfield>
    <subfield code="c">/ Nazareth Castellanos.</subfield>
  </datafield>
  <datafield tag="250" ind1=" " ind2=" ">
    <subfield code="a">Thirteenth edition.</subfield>
  </datafield>
  <datafield tag="260" ind1=" " ind2=" ">
    <subfield code="a">Madrid :</subfield>
    <subfield code="b">Editorial La Huerta Grande,</subfield>
    <subfield code="c">2024.</subfield>
  </datafield>
  <datafield tag="300" ind1=" " ind2=" ">
    <subfield code="a">114 pages ;</subfield>
    <subfield code="c">20 cm.</subfield>
  </datafield>
  <datafield tag="490" ind1=" " ind2=" ">
    <subfield code="a">Ensayo Series ; </subfield>
    <subfield code="v">v.27</subfield>
  </datafield>
  <datafield tag="505" ind1=" " ind2=" ">
    <subfield code="a">1. Saborear la palabra &#x2014; 2. El cerebro de Don Santiago &#x2014; 3. Atender al presente-mindfulness &#x2014; 4. La atenci&#xF3;n, un paso al frente &#x2014; 5. El espejo del cerebro &#x2014; 6. Mucho ruido y pocas nueces &#x2014; 7. Meditando en el laboratorio &#x2014; 8. Espectador y actor de la emoci&#xF3;n &#x2014; 9. Espejo y libertad</subfield>
  </datafield>
  <datafield tag="520" ind1=" " ind2=" ">
    <subfield code="a">Conocer el cerebro es el gran reto de la neurociencia, y se podr&#xED;a decir que es uno de los grandes retos de nuestro tiempo. La autora de este ensayo nos invita a hacerlo a trav&#xE9;s de su experiencia cient&#xED;fica en laboratorios y su continua b&#xFA;squeda de conocimiento en &#xE1;reas, todas interco- nectadas, como la medicina, la filosof&#xED;a o la espiritualidad. Este libro recoge los resultados de la neurociencia de la meditaci&#xF3;n donde se muestran los cambios cerebrales que suceden cuando tenemos una actitud atenta y consciente. Estas investigaciones nos invitan a conocer los obst&#xE1;culos de la mente y a recordar que la biolog&#xED;a nos permite moldearnos y ser escultores de nuestro propio cerebro. &#xAB;Escribir este libro, nos dice la autora, ha sido como destilar la neurociencia para extraer el aceite que nos ayude a cono cernos a nosotros mismos&#xBB;.Este libro es una oda al crecimiento personal basado en la neurociencia y la reflexi&#xF3;n filos&#xF3;fica.</subfield>
  </datafield>
  <datafield tag="520" ind1=" " ind2=" ">
    <subfield code="a">Understanding the brain is the great challenge of neuroscience&#x2014;and one of the greatest challenges of our time. The author of this essay invites us to explore it through her own scientific experience in laboratories and her ongoing search for knowledge across interconnected fields such as medicine, philosophy, and spirituality.

This book presents the findings of neuroscience research on meditation, showing the brain changes that occur when we adopt an attentive and mindful attitude. These studies encourage us to recognize the mind&#x2019;s obstacles and to remember that biology allows us to shape ourselves&#x2014;to become sculptors of our own brains.

&#x201C;Writing this book,&#x201D; the author says, &#x201C;has been like distilling neuroscience to extract the essence that helps us understand ourselves.&#x201D;

This book is an ode to personal growth grounded in neuroscience and philosophical reflection.</subfield>
  </datafield>
  <datafield tag="588" ind1=" " ind2=" ">
    <subfield code="a">Description based on publisher supplied metadata and other sources.</subfield>
  </datafield>
  <datafield tag="650" ind1=" " ind2="0">
    <subfield code="a">Medicine</subfield>
    <subfield code="9">25537</subfield>
  </datafield>
  <datafield tag="650" ind1=" " ind2="0">
    <subfield code="a">Mind and body</subfield>
    <subfield code="9">11131</subfield>
  </datafield>
  <datafield tag="650" ind1=" " ind2="0">
    <subfield code="a">Mindfulness-based cognitive therapy</subfield>
    <subfield code="9">24752</subfield>
  </datafield>
  <datafield tag="650" ind1=" " ind2="0">
    <subfield code="a">Neurosciences</subfield>
    <subfield code="9">11153</subfield>
  </datafield>
  <datafield tag="942" ind1=" " ind2=" ">
    <subfield code="2">lcc</subfield>
  </datafield>
  <datafield tag="952" ind1=" " ind2=" ">
    <subfield code="0">0</subfield>
    <subfield code="1">0</subfield>
    <subfield code="2">lcc</subfield>
    <subfield code="4">0</subfield>
    <subfield code="7">0</subfield>
    <subfield code="a">TBS</subfield>
    <subfield code="b">TBS</subfield>
    <subfield code="d">2025-10-22</subfield>
    <subfield code="l">0</subfield>
    <subfield code="o">QP376.C37 CAS</subfield>
    <subfield code="p">B05832</subfield>
    <subfield code="r">2025-10-22</subfield>
    <subfield code="t">1</subfield>
    <subfield code="w">2025-10-22</subfield>
    <subfield code="y">1</subfield>
  </datafield>
  <datafield tag="999" ind1=" " ind2=" ">
    <subfield code="c">5089</subfield>
    <subfield code="d">5089</subfield>
  </datafield>
</record>
